000 00496nam a2200181 a 4500
001 209
003 CO-ViMGA
008 141112s2004 ck r 000 u spa d
040 _aCO-ViMGA
_bspa
_cCO-ViMGA
082 0 4 _a891. 813 T54d
100 1 _aInkiow, Dimiter
_910619
245 1 0 _aDe cómo decidí convertirme en hermano mayor /
_cDimiter Inkiow
260 _aBogotá :
_bNorma,
_c1991
300 _a106 p : il
490 _aTorre de papel
650 1 4 _aCUENTOS RUSOS
_96297
942 _2ddc
_cBK
999 _c12456
_d12456